The story of the tapir

Bibliographic Details
Main Author: Ong, Johnny
Other Authors: Sulaiman Zakaria
Format: Book
Published: Petaling Jaya : Didika , 1994
Series:More moral tales for children
Subjects:

MARC

LEADER 00000cam a2200000 7i4500
001 0000001832
002 000001990
005 20000330.0
020 |a 9839817191 
090 0 0 |a JF   |b ONG 
100 1 |a Ong, Johnny 
245 1 4 |a The story of the tapir   |c Johnny Ong dan Sulaiman Zakaria 
260 |a Petaling Jaya :   |b Didika ,   |c 1994 
300 |a 24p. :   |b ill. ;   |c 21cm. 
490 0 |a More moral tales for children 
650 0 0 |a Children's stories 
700 0 |a Sulaiman Zakaria 
999 |a 035126   |b BUKU   |c JUNIOR FICTION   |e PERPUSTAKAAN KOMUNITI PETALING JAYA